Oceňovanie vplyvu informačno-regulačného prostredia na podnikovú sféru
Najpodstatnejšie náučné zdroje, ktoré ponúkajú rôzne pohľady, smery a tendencie výskumu v oblasti podnikania a podnikateľského prostredia. Snaha o súlad v prehľade evolúcie názorov v oblasti podnikateľského prostredia a syntézy parciálných vedecko-praktických smerov.
Guardado en:
| Autor principal: | |
|---|---|
| Formato: | Capítulo de libro |
| Lenguaje: | eslovaco |
| Materias: | |
| Etiquetas: |
Sin Etiquetas, Sea el primero en etiquetar este registro!
|
MARC
| LEADER | 00000nla a2200000 4500 | ||
|---|---|---|---|
| 001 | 0240199 | ||
| 005 | 20240524094052.5 | ||
| 041 | 0 | |a slo | |
| 044 | |a SK | ||
| 245 | 1 | 0 | |a Oceňovanie vplyvu informačno-regulačného prostredia na podnikovú sféru |c Andrej Kovalev |
| 520 | |a Najpodstatnejšie náučné zdroje, ktoré ponúkajú rôzne pohľady, smery a tendencie výskumu v oblasti podnikania a podnikateľského prostredia. Snaha o súlad v prehľade evolúcie názorov v oblasti podnikateľského prostredia a syntézy parciálných vedecko-praktických smerov. | ||
| 610 | 2 | 0 | |a prostredie podnikateľské |
| 610 | 2 | 0 | |a podnikatelia |
| 610 | 2 | 0 | |a sektor súkromný |
| 610 | 2 | 0 | |a podnikanie |
| 610 | 2 | 0 | |a teórie ekonomické |
| 610 | 2 | 0 | |a vývoj |
| 100 | 1 | |a Kovalev, Andrej | |